000 00461nam a2200181Ia 4500
005 20250326124015.0
008 250326s9999 xx 000 0 und d
037 _aTextbook
040 _aFMSL
_beng
_cFMSL
041 _aeng
_2eng
084 _aX L2
_qFMSL
100 _aHough R R
_9736600
245 0 _aWhat economists do
_cHough R R
260 _aNY
_bNY, Harper & Row
_c1972
300 _a167p
942 _cTB
_hX L2
999 _c1271869
_d1271869